effect of different organic fertilizes on lettuce ( lactusca sativa L.)ប្រសិទ្ធភាពជីធម្មជាតិខុសៗគ្នាលើដំណាំសាលាដ (Record no. 17922)

000 -LEADER
fixed length control field 00589nam a22001577a 4500
003 - CONTROL NUMBER IDENTIFIER
control field OSt
005 - DATE AND TIME OF LATEST TRANSACTION
control field 20190624141536.0
008 - FIXED-LENGTH DATA ELEMENTS--GENERAL INFORMATION
fixed length control field 190624b xxu||||| |||| 00| 0 eng d
040 ## - CATALOGING SOURCE
Transcribing agency RUA
082 ## - DEWEY DECIMAL CLASSIFICATION NUMBER
Classification number AGR VAN 2017 B633 Or.1
100 ## - MAIN ENTRY--PERSONAL NAME
9 (RLIN) 13587
Personal name VAN DA VID វ៉ាន់ ដាវីត
245 ## - TITLE STATEMENT
Title effect of different organic fertilizes on lettuce ( lactusca sativa L.)ប្រសិទ្ធភាពជីធម្មជាតិខុសៗគ្នាលើដំណាំសាលាដ
260 ## - PUBLICATION, DISTRIBUTION, ETC. (IMPRINT)
Place of publication, distribution, etc. phnom penh
Name of publisher, distributor, etc. RUA
Date of publication, distribution, etc. 2017
300 ## - PHYSICAL DESCRIPTION
Extent xii;39p
Other physical details ill;
Dimensions 29cm
942 ## - ADDED ENTRY ELEMENTS (KOHA)
Source of classification or shelving scheme
Koha item type AGR
Holdings
Price effective from Date last seen Permanent Location Not for loan Date acquired Source of classification or shelving scheme Koha item type Lost status Withdrawn status Date last checked out Total Checkouts Shelving location Damaged status Barcode Current Location Full call number
2019-06-242019-06-24Library Block B 2019-06-24 AGR    B633 A42532Library Block BAGR VAN 2017 B633 Or.1
2019-06-242022-12-07Library Block B 2019-06-24 AGR  2022-11-281B633 A42457Library Block BAGR VAN 2017 B633 Or.2
2019-06-242019-06-24Library Block B 2019-06-24 AGR    B633 A42382Library Block BAGR VAN 2017 B633 Or.3
2019-06-242019-06-24Library Block B 2019-06-24 AGR    B633 A42307Library Block BAGR VAN 2017 B633 Or.4
2019-06-242019-08-16Library Block B 2019-06-24 AGR  2019-08-131B633 A42232Library Block BAGR VAN 2017 B633 Or.5
2019-06-242019-06-24Library Block B 2019-06-24 AGR    B633 A42359Library Block BAGR VAN 2017 B633 Or.6
មជ្ឈមណ្ឌលឯការនៃសាកលវិទ្យាល័យភូមិន្ទកសិកម្មចំការដូង

Powered by Koha